00469nam a22001337a 450000500170000002000230001703500210004003700130006110000180007424501460009226000550023830000240029370000180031720180723121643.0 a8173914885c800.00 aB-92506, B-92505 aDPLbENG aDhameja, Nand aPublic sector restructuring and privatisation :bIncluding urban infrastructure and public service finance /cby Nand Dhameja and K.S. Sastry aNew DelhibKanishka Publishers, Distributorsc2002 axvi, 398p.c20 cms. aSastry, K.S.